Les sciences dans les manuscrits slaves orientaux du moyen age /

Main Author: Grmek, Mirko Drazen
Language: French
Published: Paris : Librairie du Palais de la Découverte, 1959
Series: Conférences du Palais de la Découverte. Histoire des sciences
Physical Description: 52 s.
Book
Saved in:
LEADER 00847nam a22002292a 4500
001 000358040
003 CZ BrMZK
005 20100715120841.0
007 ta
008 980105s1959 fr f fre d
040 |a BOA001  |b cze 
100 1 |a Grmek, Mirko Drazen  |7 jn20000710044  |4 aut 
245 1 4 |a Les sciences dans les manuscrits slaves orientaux du moyen age /  |c Mirko Dražen Grmek 
260 |a Paris :  |b Librairie du Palais de la Découverte,  |c 1959 
300 |a 52 s. 
490 1 |a Conférences du Palais de la Découverte. Sér. D, Histoire des sciences ;  |v no. 66 
504 |a Obsahuje bibliografii 
830 0 |a Conférences du Palais de la Découverte.  |p Histoire des sciences 
910 |a BOA001  |b 1-0743.663 
990 |a BK 
991 |b 200810 
996 7 |b 2619811682  |c 1-0743.663  |l MZK  |r Sklad / do 1 hodiny  |n 4  |w 000358040  |u 000010  |a 1  |e BOA001  |j MZK50  |s A